Managers and the legal environment : (Record no. 613702)

000 -LEADER
fixed length control field 01418cam a2200349 a 4500
001 - CONTROL NUMBER
control field 13926128
005 - DATE AND TIME OF LATEST TRANSACTION
control field 20250512094302.0
008 - FIXED-LENGTH DATA ELEMENTS--GENERAL INFORMATION
fixed length control field 050411s2006 ohuab b 001 0 eng
010 ## - LIBRARY OF CONGRESS CONTROL NUMBER
LC control number 2005925692
020 ## - INTERNATIONAL STANDARD BOOK NUMBER
International Standard Book Number 032426951X
040 ## - CATALOGING SOURCE
Original cataloging agency DLC
Transcribing agency DLC
Modifying agency DLC
042 ## - AUTHENTICATION CODE
Authentication code pcc
043 ## - GEOGRAPHIC AREA CODE
Geographic area code n-us---
050 00 - LIBRARY OF CONGRESS CALL NUMBER
Classification number KF889
Item number .B255 2006
082 ## - DEWEY DECIMAL CLASSIFICATION NUMBER
Classification number 346.7307
Author Mark BAG
100 1# - MAIN ENTRY--PERSONAL NAME
Personal name Bagley, Constance E.
9 (RLIN) 128928
245 10 - TITLE STATEMENT
Title Managers and the legal environment :
Remainder of title strategies for the 21st century /
Statement of responsibility, etc. Constance E. Bagley, Diane W. Savage.
250 ## - EDITION STATEMENT
Edition statement 5th ed.
260 ## - PUBLICATION, DISTRIBUTION, ETC.
Place of publication, distribution, etc. Mason, Ohio :
Name of publisher, distributor, etc. Thomson/West,
Date of publication, distribution, etc. c2006.
300 ## - PHYSICAL DESCRIPTION
Extent xxxix, 1002, [80] p. :
Other physical details ill., map ;
Dimensions 27 cm.
504 ## - BIBLIOGRAPHY, ETC. NOTE
Bibliography, etc. note Includes bibliographical references and index.
650 #0 - SUBJECT ADDED ENTRY--TOPICAL TERM
Topical term or geographic name entry element Commercial law
Geographic subdivision United States.
9 (RLIN) 21884
650 #0 - SUBJECT ADDED ENTRY--TOPICAL TERM
Topical term or geographic name entry element Trade regulation
Geographic subdivision United States.
9 (RLIN) 109900
650 #0 - SUBJECT ADDED ENTRY--TOPICAL TERM
Topical term or geographic name entry element Business ethics
Geographic subdivision United States.
9 (RLIN) 14659
700 1# - ADDED ENTRY--PERSONAL NAME
Personal name Savage, Diane W.
9 (RLIN) 128929
856 42 - ELECTRONIC LOCATION AND ACCESS
Materials specified Contributor biographical information
Uniform Resource Identifier <a href="http://www.loc.gov/catdir/enhancements/fy1514/2005925692-b.html">http://www.loc.gov/catdir/enhancements/fy1514/2005925692-b.html</a>
856 42 - ELECTRONIC LOCATION AND ACCESS
Materials specified Publisher description
Uniform Resource Identifier <a href="http://www.loc.gov/catdir/enhancements/fy1514/2005925692-d.html">http://www.loc.gov/catdir/enhancements/fy1514/2005925692-d.html</a>
856 41 - ELECTRONIC LOCATION AND ACCESS
Materials specified Table of contents only
Uniform Resource Identifier <a href="http://www.loc.gov/catdir/enhancements/fy1514/2005925692-t.html">http://www.loc.gov/catdir/enhancements/fy1514/2005925692-t.html</a>
906 ## - LOCAL DATA ELEMENT F, LDF (RLIN)
a 7
b cbc
c orignew
d 2
e epcn
f 20
g y-gencatlg
942 ## - ADDED ENTRY ELEMENTS (KOHA)
Source of classification or shelving scheme
Koha item type Book
Holdings
Withdrawn status Lost status Source of classification or shelving scheme Damaged status Not for loan Permanent Location Current Location Date acquired Total Checkouts Full call number Barcode Date last seen Price effective from Koha item type
          NUST Law School (NLS) NUST Law School (NLS) 05/12/2025   346.7307 BAG NLSD-22 05/12/2025 05/12/2025 Book
© 2023 Central Library, National University of Sciences and Technology. All Rights Reserved.